000
00274nam a2200121Ia 4500
005
20251222144653.0
008
251222s9999||||xx |||||||||||||| ||spa||
082
_a
869.1/A99
100
_a
Azuela, Mariano
245
0
_a
Los de Abajo
264
_b
Fiat Lux Eirl
942
_c
LIB
999
_c
17136
_d
17136